Entrada Personal Name
Número de registros utilizados en: 9
001 - CONTROL NUMBER
- control field: 5
003 - CONTROL NUMBER IDENTIFIER
- control field: DO-SdBNP
005 - DATE AND TIME OF LATEST TRANSACTION
- control field: 20150908151157.0
008 - FIXED-LENGTH DATA ELEMENTS
- fixed length control field: 810817n| azannaabn |a aaa
010 ## - LIBRARY OF CONGRESS CONTROL NUMBER
- LC control number: n 81066325
035 ## - SYSTEM CONTROL NUMBER
- System control number: (OCoLC)oca00611684
040 ## - CATALOGING SOURCE
- Original cataloging agency: DO-SdBNP
- Language of cataloging: spa
- Transcribing agency: DLC
- Modifying agency: DLC
- Modifying agency: OCoLC
- Modifying agency: UPB
- Modifying agency: DLC
- Description conventions: rda
- Modifying agency: ICU
046 ## - SPECIAL CODED DATES
- Birth date: 18390111
- Death date: 19030811
053 #0 - LC CLASSIFICATION NUMBER
- Classification number element--single number or beginning number of span: PQ7439.H6
100 1# - HEADING--PERSONAL NAME
- Personal name: Hostos, Eugenio María de,
- Dates associated with a name: 1839-1903
370 ## - ASSOCIATED PLACE
- Place of birth: Mayagüez, P.R.
- Place of death: Santo Domingo, República Dominicana
374 ## - OCCUPATION
- Occupation: Educator
- Occupation: Abogado
- Occupation: Sociólogo
375 ## - GENDER
- Gender: Hombre
377 ## - ASSOCIATED LANGUAGE
- Language code: spa
400 1# - SEE FROM TRACING--PERSONAL NAME
- Personal name: Bonilla, Eugenio María de Hostos y,
- Dates associated with a name: 1839-1903
400 1# - SEE FROM TRACING--PERSONAL NAME
- Personal name: De Hostos y Bonilla, Eugenio María,
- Dates associated with a name: 1839-1903
400 1# - SEE FROM TRACING--PERSONAL NAME
- Personal name: De Hostos, Eugenio María,
- Dates associated with a name: 1839-1903
400 1# - SEE FROM TRACING--PERSONAL NAME
- Personal name: Hostos y Bonilla, Eugenio María de,
- Dates associated with a name: 1839-1903
400 1# - SEE FROM TRACING--PERSONAL NAME
- Personal name: Hostos y de Bonilla, Eugenio María de,
- Dates associated with a name: 1839-1903
400 1# - SEE FROM TRACING--PERSONAL NAME
- Personal name: Hostos, E. M. de
- Fuller form of name: (Eugenio María),
- Dates associated with a name: 1839-1903
670 ## - SOURCE DATA FOUND
- Source citation: Lecciones de derecho constitucional, 1982:
- Information found: t.p. (E.M. de Hostos) prólogo (Eugenio María de Hostos)
670 ## - SOURCE DATA FOUND
- Source citation: Hostosiana, 1994:
- Information found: prelim. p. (Eugenio María de Hostos y de Bonilla, b. Jan. 11, 1839, Mayagüez, d. Aug. 11, 1903, Santo Domingo)
670 ## - SOURCE DATA FOUND
- Source citation: Wikipedia, Nov. 3, 2010
- Information found: (Eugenio María de Hostos; b 11 de enero 1839 en Mayagüez, Puerto Rico; d 11 de agosto 1903 en Santo Domingo, República Dominicana; conocido como "El Ciudadano de América" (que significa:.. El ciudadano de las Américas) , fue un educador puertorriqueño, filósofo, intelectual, abogado, sociólogo e independencia defensor)